Mamíferos acuáticos y relacionados con el agua neotropical / (Registro nro. 5946)

Detalles MARC
000 -CABECERA
Campo de control 00990nam a2200289 a 4500
005 - FECHA Y HORA DE LA ULTIMA TRANSACCION
Campo de control 20200104041604.0
008 - ELEMENTOS DE LONGITUD FIJA—INFORMACION GENERAL
Campo de control 160116s2005 ck||||| |||| 00| 0 spa d
020 ## - ISBN
ISBN 9589769012
040 ## - FUENTE DE CATALOGACIÓN
Agencia catalogadora original CO-BoIAVH
Agencia transcriptora CO-BoIAVH
041 ## - IDIOMA
Código de idioma para texto/pista de sonido o título separado Español
044 ## - PAÍS DE PUBLICACIÓN
País de publicación Colombia
082 04 - NUMERO DE CLASIFICACION DECIMAL DEWEY
Número de clasificación 599.5
Número del ítem T86m
100 1# - ASIENTO PRINCIPAL--NOMBRE PERSONAL
Nombre personal Trujillo, Fernando
9 (RLIN) 366
245 10 - MENCION DE TITULO
Título Mamíferos acuáticos y relacionados con el agua neotropical /
Mención de responsabilidad Fernando Trujillo y (otros cuatro autores).
260 ## - PUBLICACION, DISTRIBUCION, ETC. (PIE DE IMPRENTA)
Lugar de publicación, distribución, etc. Bogotá :
Nombre del editor, distribuidor, etc. Conservación Internacional,
Fecha de publicación, distribución, etc. 2005.
300 ## - DESCRIPCION FISICA
Extensión 134 p.
490 00 - MENCION DE SERIE
Mención de serie Serie libretas de campo ;
Designación numérica/secuencial del volumen 4
650 14 - ASIENTO SECUNDARIO DE MATERIA - TERMINO TEMATICO
Término temático o nombre geográfico como elemento de entrada Animales acuáticos
9 (RLIN) 51733
650 24 - ASIENTO SECUNDARIO DE MATERIA - TERMINO TEMATICO
Término temático o nombre geográfico como elemento de entrada Mamíferos acuáticos
9 (RLIN) 51734
650 24 - ASIENTO SECUNDARIO DE MATERIA - TERMINO TEMATICO
Término temático o nombre geográfico como elemento de entrada Hábitat acuático
9 (RLIN) 51735
700 ## - ASIENTO SECUNDARIO - NOMBRE PERSONAL
Nombre personal Rodríguez Mahecha, José Vicente,
Término de relación autor.
9 (RLIN) 4290
700 ## - ASIENTO SECUNDARIO - NOMBRE PERSONAL
Nombre personal Díaz Granados , María Claudía,
Término de relación autor.
9 (RLIN) 51736
700 ## - ASIENTO SECUNDARIO - NOMBRE PERSONAL
Nombre personal Tirira, Diego,
Término de relación autor.
9 (RLIN) 51737
700 ## - ASIENTO SECUNDARIO - NOMBRE PERSONAL
Nombre personal González Hernández, Andrés,
Término de relación autor.
9 (RLIN) 46058
942 ## - ELEMENTOS ADICIONALES (KOHA)
Tipo de ítem Libro
Sistema de clasificación Dewey Decimal Classification
945 ## - PROCESAMIENTO LOCAL
AAAA-MM-DD - Fecha de ingreso o modificacion 2007-11-21
Existencias
Withdrawn status Lost status Sistema de Clasificación Damaged status No para préstamo Colección Inventariado Ubicación Permanente Ubicación actual Fecha de adquisición Fuente de Valor Valor Total Checkouts Número topográfico Inventario / Código de Barras Date last seen Ejemplar Price effective from Forma de adquisición Tipo de material
    Dewey Decimal Classification     General Inventariado 2017 Bogotá Bogotá 21/11/2007 Instituto 15000.00   LB-599.5 T86m 025492 04/12/2012 Ej.1 04/12/2012   Libro
    Dewey Decimal Classification     General Inventariado 2017 Sala Fabio Quevedo Sala Fabio Quevedo 28/11/2016 Instituto 15000.00   LB-599.5 T86m 040834 28/11/2016 Ej. 2 28/11/2016 Donación Libro